00482nam a22001577a 450000500170000001000150001702000110003203500130004303700130005610000170006924500920008626000430017827000590022130000250028050000190030520140206113003.0 aENG-109216 c650.00 aEN-92749 bDBAD/PUB aSen, Sukomal aWorking class of India :cby Sukomal Senbhistory of emergence and movement 1830-2010 / aHyderabadbPrajasakti Book Housec2013 aM.H. Bhavan, Plot No.21/1, AzamabadbHyderabade500020 axii,748p.c24cm(pbk) aIncludes index